[Event "Tradewise Gibraltar Chess Festival 2014 "]
[Site "The Caleta Hotel - Gibraltar"]
[Date "2014.01.31"]
[Round "4.107"]
[White "Pabalan, Rocky"]
[Black "Villa Armenta, Enrique"]
[Result "1-0"]
[WhiteElo "2103"]
[BlackElo "1718"]
[PlyCount "47"]
[EventDate "2014.01.28"]

1. d4 Nf6 2. Nf3 e6 3. Bf4 Be7 4. e3 d5 5. Ne5 Nbd7 6. Nd2 c5 7. c3 Qb6 8. Rb1
O-O 9. Bd3 c4 10. Bc2 Ne8 11. Qh5 f5 12. Ndf3 Ndf6 13. Qh3 Ne4 14. g4 Qd8 15.
Rg1 Bg5 16. Nxg5 Nxg5 17. Qh5 Ne4 18. g5 g6 19. Nxg6 hxg6 20. Qxg6+ Ng7 21. Be5
Qe7 22. f3 Nd6 23. Rg3 Qf7 24. Qh6 1-0

[Event "Tradewise Gibraltar Chess Festival 2014 "]
[Site "The Caleta Hotel - Gibraltar"]
[Date "2014.01.31"]
[Round "4.108"]
[White "Magnusdottir, Veronika Steinun"]
[Black "Omoifo, Osemekhian I"]
[Result "0-1"]
[WhiteElo "1561"]
[BlackElo "2076"]
[PlyCount "112"]
[EventDate "2014.01.28"]

1. e4 Nc6 2. d4 e5 3. Nf3 exd4 4. Bc4 d6 5. Nxd4 Nxd4 6. Qxd4 Qf6 7. Qd3 Ne7 8.
Nc3 c6 9. Be3 Ng6 10. Qd2 Ne5 11. Bb3 Be7 12. h3 O-O 13. f4 Nd7 14. O-O-O Nc5
15. Bxc5 dxc5 16. e5 Qg6 17. g4 b5 18. a4 c4 19. Ba2 a6 20. Qg2 f5 21. g5 Bc5
22. Kb1 Ra7 23. axb5 axb5 24. Nxb5 cxb5 25. Qd5+ Qe6 26. Qxc5 Qa6 27. Qa3 Qxa3
28. bxa3 Rxa3 29. Kb2 Ra4 30. Rhe1 Be6 31. Bb1 b4 32. c3 b3 33. Rd6 Kf7 34. h4
Ra7 35. h5 Ke7 36. Red1 Rd7 37. R1d4 Rfd8 38. Rxd7+ Rxd7 39. Rxd7+ Kxd7 40. h6
g6 41. Kc1 Kc6 42. Kb2 Kb5 43. Ka3 Ka5 44. Kb2 Ka4 45. Ka1 Bc8 46. Kb2 Bd7 47.
Ka1 Be6 48. Kb2 Bc8 49. Ka1 Ka3 50. Ba2 b2+ 51. Kb1 Be6 52. Bb3 Bg8 53. Bd1 Bf7
54. Bb3 Kxb3 55. e6 Be8 56. e7 Kxc3 0-1

[Event "Tradewise Gibraltar Chess Festival 2014 "]
[Site "The Caleta Hotel - Gibraltar"]
[Date "2014.01.31"]
[Round "4.109"]
[White "Bajer, Renato"]
[Black "Biegel, Thomas"]
[Result "0-1"]
[WhiteElo "1914"]
[BlackElo "2059"]
[PlyCount "119"]
[EventDate "2014.01.28"]

1. e4 c6 2. d4 g6 3. Nc3 Bg7 4. Nf3 d6 5. h3 Qc7 6. Be2 Nd7 7. Be3 a6 8. a4 b6
9. O-O Bb7 10. Qd2 e5 11. dxe5 dxe5 12. Bd3 Ngf6 13. Rfe1 O-O 14. Bh6 Rad8 15.
Qg5 Nh5 16. Bxg7 Kxg7 17. Ne2 h6 18. Qe3 Nc5 19. Red1 a5 20. Qc1 Nf6 21. Ng3
Bc8 22. Qe3 Be6 23. Qe1 Rd7 24. Qc3 Rfd8 25. Nxe5 Rd4 26. Nf3 Rxa4 27. b3 Rxa1
28. Rxa1 Ncd7 29. Nd4 Qe5 30. Nxe6+ fxe6 31. Qxe5 Nxe5 32. Rd1 h5 33. f3 Nxd3
34. Rxd3 Rxd3 35. cxd3 Nd7 36. Ne2 Nc5 37. Nc1 e5 38. Kf2 Kf6 39. Ke3 Ne6 40.
h4 Nf4 41. g3 Ne6 42. f4 Nd4 43. Kd2 exf4 44. gxf4 Nf3+ 45. Ke3 Nxh4 46. d4 g5
47. fxg5+ Kxg5 48. d5 cxd5 49. exd5 Nf5+ 50. Kd3 Kf4 51. Ne2+ Ke5 52. Kc3 h4
53. Ng1 Kxd5 54. Kb2 b5 55. Kc3 Ke4 56. Nh3 Ke3 57. Ng5 Ng3 58. Nh3 Ne2+ 59.
Kb2 Nf4 60. Ng5 0-1

[Event "Tradewise Gibraltar Chess Festival 2014 "]
[Site "The Caleta Hotel - Gibraltar"]
[Date "2014.01.31"]
[Round "4.110"]
[White "Nyland, Thomas"]
[Black "Whatley, Stephen A J"]
[Result "1-0"]
[WhiteElo "2047"]
[BlackElo "1864"]
[PlyCount "135"]
[EventDate "2014.01.28"]

1. e4 c5 2. c3 d6 3. d4 Nf6 4. Bd3 e5 5. Nf3 Nc6 6. d5 Ne7 7. c4 g6 8. Nc3 Bg7
9. O-O O-O 10. a3 Nh5 11. b4 b6 12. b5 f5 13. a4 f4 14. a5 Bg4 15. h3 Bxf3 16.
Qxf3 Nc8 17. Bd2 Qh4 18. Ra3 Rb8 19. Rfa1 Nf6 20. axb6 axb6 21. Ra8 Rb7 22. g4
h6 23. Qg2 Nh7 24. f3 Ng5 25. Be1 Qxh3 26. Qxh3 Nxh3+ 27. Kg2 Ng5 28. R1a6 Kf7
29. Na4 h5 30. Bh4 Nh7 31. gxh5 gxh5 32. Bf1 Bf6 33. Bxf6 Nxf6 34. Kf2 Nd7 35.
Bh3 h4 36. Bxd7 Rxd7 37. Nxb6 Nxb6 38. Rxf8+ Kxf8 39. Rxb6 Ke7 40. Ra6 Rb7 41.
Kg2 Rb8 42. Ra7+ Kf6 43. Rd7 Rb6 44. Kh3 Kg5 45. Rd8 Kh5 46. Rh8+ Kg5 47. Rxh4
Rb8 48. Rh7 Ra8 49. Rg7+ Kh5 50. b6 Ra3 51. Kg2 Ra2+ 52. Kf1 Rb2 53. b7 Kh4 54.
Ke1 Kh3 55. Kd1 Kh4 56. Kc1 Rb4 57. Kd2 Kh3 58. Kc3 Rb6 59. Rg6 Rxb7 60. Rxd6
Kg3 61. Re6 Kxf3 62. Rxe5 Ke3 63. Re8 f3 64. e5 Rf7 65. e6 Rf4 66. e7 f2 67.
Rf8 f1=Q 68. e8=Q+ 1-0

[Event "Tradewise Gibraltar Chess Festival 2014 "]
[Site "The Caleta Hotel - Gibraltar"]
[Date "2014.01.31"]
[Round "4.111"]
[White "Lobersli, Henrik Oie"]
[Black "Nejanky, Maisa"]
[Result "0-1"]
[WhiteElo "1862"]
[BlackElo "2040"]
[PlyCount "68"]
[EventDate "2014.01.28"]

1. d4 Nf6 2. c4 e6 3. Nc3 Bb4 4. e3 O-O 5. Nge2 d5 6. a3 Be7 7. cxd5 exd5 8.
Ng3 Re8 9. Bd3 Nc6 10. O-O g6 11. b4 Bf8 12. b5 Ne7 13. a4 h5 14. Ba3 h4 15.
Nge2 h3 16. g3 Bh6 17. Bxe7 Qxe7 18. Nf4 c6 19. Re1 Bd7 20. Qd2 g5 21. Nfe2 Ne4
22. Nxe4 dxe4 23. bxc6 exd3 24. cxd7 Qxd7 25. Qxd3 Qd5 26. e4 Rxe4 27. f3 Ree8
28. Nc3 Qa5 29. Ne4 Bg7 30. Red1 Rad8 31. Qc4 Qf5 32. Ra3 Rxe4 33. fxe4 Qxe4
34. Ra2 Bxd4+ 0-1

[Event "Tradewise Gibraltar Chess Festival 2014 "]
[Site "The Caleta Hotel - Gibraltar"]
[Date "2014.01.31"]
[Round "4.112"]
[White "Perdomo Araujo, Angel Eduardo"]
[Black "Edakina, Anastasia"]
[Result "1-0"]
[WhiteElo "2018"]
[BlackElo "1756"]
[PlyCount "117"]
[EventDate "2014.01.28"]

1. e4 c5 2. Nf3 d6 3. d4 cxd4 4. Nxd4 Nf6 5. Nc3 a6 6. f3 e5 7. Nb3 Be7 8. Be3
Be6 9. Qd2 O-O 10. O-O-O a5 11. Kb1 a4 12. Nc1 a3 13. b3 Nc6 14. g4 Nb4 15. g5
Nh5 16. h4 Qc8 17. Nd5 Nxd5 18. exd5 Bf5 19. Bd3 Nf4 20. Bxf4 exf4 21. Ne2 Bxd3
22. Qxd3 Qc5 23. Nxf4 Rfc8 24. Rde1 Bf8 25. h5 Qc3 26. Qxc3 Rxc3 27. g6 Rac8
28. Re2 Rxf3 29. gxf7+ Kxf7 30. Ne6 Rf5 31. c4 Be7 32. Nxg7 Rf3 33. Ne6 Bf6 34.
Rd1 b6 35. Nd4 Bxd4 36. Rxd4 Rf1+ 37. Kc2 Ra1 38. Rf4+ Kg7 39. Kc3 Rc1+ 40. Kb4
Ra1 41. Kxa3 Ra8+ 42. Kb4 R1xa2 43. Re6 b5 44. h6+ Kg8 45. Rxd6 bxc4 46. Rg4+
Kf8 47. Rf6+ Ke7 48. Re6+ Kf8 49. Rf4+ Kg8 50. bxc4 Rb8+ 51. Kc5 Rc8+ 52. Rc6
Rf8 53. Rxf8+ Kxf8 54. Rc7 Kg8 55. d6 Rd2 56. Rg7+ Kh8 57. Re7 Kg8 58. d7 Rd3
59. Re8+ 1-0

[Event "Tradewise Gibraltar Chess Festival 2014 "]
[Site "The Caleta Hotel - Gibraltar"]
[Date "2014.01.31"]
[Round "4.115"]
[White "George, Lolomari Erekosima"]
[Black "Berry, Neil"]
[Result "0-1"]
[WhiteElo "1853"]
[BlackElo "2227"]
[PlyCount "120"]
[EventDate "2014.01.28"]

1. Nf3 d5 2. c4 e6 3. b3 Nf6 4. Bb2 c5 5. e3 Nc6 6. g3 d4 7. exd4 cxd4 8. d3 e5
9. Bg2 Bd6 10. O-O O-O 11. Na3 Re8 12. Nc2 a5 13. Re1 Bf5 14. Nh4 Bg4 15. Qd2
Nd7 16. Rab1 Be7 17. Nf3 Bf6 18. a3 Nc5 19. b4 axb4 20. axb4 Na4 21. b5 Nb8 22.
Nb4 Nd7 23. Nd5 Nac5 24. Ra1 Rxa1 25. Bxa1 Bf5 26. Bf1 Be6 27. Qc2 Qa5 28. Bb2
Ra8 29. Ra1 Qd8 30. Rxa8 Qxa8 31. Nc7 Qa2 32. Nxe6 Nxe6 33. Qc1 Nec5 34. Qa1
Qxa1 35. Bxa1 Na4 36. Be2 Kf8 37. Nd2 Ndc5 38. Bd1 Nc3 39. Bf3 Bg5 40. Ne4
N3xe4 41. Bxe4 Bc1 42. Kf1 Ba3 43. f4 f6 44. fxe5 fxe5 45. b6 Nxe4 46. dxe4 Ke7
47. Ke2 Kd6 48. c5+ Kxc5 49. Kd3 Kb4 50. g4 g5 51. h3 h6 52. Bxd4 exd4 53. Kxd4
Kb5 54. Ke5 Kxb6 55. Kf5 Kc6 56. Kg6 b5 57. e5 Be7 58. Kxh6 b4 59. h4 gxh4 60.
g5 h3 0-1

[Event "Tradewise Gibraltar Chess Festival 2014 "]
[Site "The Caleta Hotel - Gibraltar"]
[Date "2014.01.31"]
[Round "4.116"]
[White "Skutta, Bernd"]
[Black "Gravett, Alan D"]
[Result "1-0"]
[WhiteElo "2048"]
[BlackElo "1872"]
[PlyCount "49"]
[EventDate "2014.01.28"]

1. d4 Nf6 2. Nf3 g6 3. c4 Bg7 4. Nc3 O-O 5. e4 d6 6. Be2 c6 7. O-O Nbd7 8. h3
e5 9. Be3 Qe7 10. d5 cxd5 11. cxd5 a6 12. Nd2 b5 13. b4 Ne8 14. a4 bxa4 15.
Qxa4 f5 16. f3 Nc7 17. Qc6 Nb8 18. Qb6 f4 19. Bf2 Qg5 20. Kh2 Qd8 21. Nc4 Nd7
22. Qa5 Nb5 23. Qxd8 Rxd8 24. Nxb5 axb5 25. Rxa8 1-0

[Event "Tradewise Gibraltar Chess Festival 2014 "]
[Site "The Caleta Hotel - Gibraltar"]
[Date "2014.01.31"]
[Round "4.117"]
[White "Rygg, Snorre"]
[Black "Kenney, David"]
[Result "1-0"]
[WhiteElo "1840"]
[BlackElo "1999"]
[PlyCount "61"]
[EventDate "2014.01.28"]

1. d4 Nf6 2. c4 g6 3. Nc3 Bg7 4. Nf3 O-O 5. Bf4 h6 6. e4 d6 7. h3 Nbd7 8. Qd2
Kh7 9. Bd3 c5 10. d5 a6 11. O-O Ng8 12. Rae1 Ne5 13. Nxe5 dxe5 14. Be3 b6 15.
Rb1 Qd6 16. a3 Bd7 17. b4 cxb4 18. axb4 f5 19. f3 f4 20. Bf2 Rfb8 21. c5 bxc5
22. bxc5 Qc7 23. Rxb8 Qxb8 24. c6 Bc8 25. Rb1 Qd6 26. Na4 Rb8 27. Rxb8 Qxb8 28.
Nc5 Qa8 29. Qa5 Nf6 30. Qd8 a5 31. Ba6 1-0

[Event "Tradewise Gibraltar Chess Festival 2014 "]
[Site "The Caleta Hotel - Gibraltar"]
[Date "2014.01.31"]
[Round "4.118"]
[White "Steenbergen, Pepijn"]
[Black "Hermes, Geoff R"]
[Result "1-0"]
[WhiteElo "1772"]
[BlackElo "1998"]
[PlyCount "129"]
[EventDate "2014.01.28"]

1. e4 d6 2. d4 Nf6 3. Nc3 c6 4. Be3 Qb6 5. Qd2 Qxb2 6. Rb1 Qa3 7. Bd3 Nbd7 8.
Nf3 Qa5 9. O-O e5 10. d5 Be7 11. Rfe1 O-O 12. Bg5 Re8 13. h3 a6 14. Rbd1 c5 15.
a4 Rb8 16. Ra1 Qc7 17. Bc4 Nb6 18. Bf1 Nbd7 19. Reb1 b6 20. Qe2 Nf8 21. Kh2 h6
22. Bd2 Ng6 23. g3 Nh7 24. Nd1 Rf8 25. Ne3 f5 26. exf5 Bxf5 27. Nxf5 Rxf5 28.
Be3 Rbf8 29. Bg2 Ng5 30. Nd2 Nf4 31. Qxa6 Nxg2 32. Kxg2 Qd7 33. g4 R5f7 34.
Rxb6 h5 35. Qe2 Nf3 36. Nxf3 Rxf3 37. Qxf3 Rxf3 38. Kxf3 hxg4+ 39. hxg4 e4+ 40.
Kg3 Bf6 41. Ra3 Qf7 42. c4 Be5+ 43. Kg2 Qf3+ 44. Kf1 Qd1+ 45. Kg2 Qxg4+ 46. Kf1
g5 47. Rab3 Kh7 48. Ke1 Qg1+ 49. Ke2 g4 50. a5 g3 51. fxg3 Qg2+ 52. Kd1 Bxg3
53. a6 Qf1+ 54. Kc2 Qe2+ 55. Kb1 Qd1+ 56. Bc1 Bf4 57. Rc3 Bxc1 58. Rxc1 Qd3+
59. Kb2 Qd2+ 60. Rc2 Qd4+ 61. Ka2 Qd3 62. Rbb2 e3 63. a7 e2 64. a8=Q e1=Q 65.
Rb7+ 1-0

[Event "Tradewise Gibraltar Chess Festival 2014 "]
[Site "The Caleta Hotel - Gibraltar"]
[Date "2014.01.31"]
[Round "4.119"]
[White "Olsen, Miriam F"]
[Black "Holleland, Sigve"]
[Result "0-1"]
[WhiteElo "1997"]
[BlackElo "1812"]
[PlyCount "98"]
[EventDate "2014.01.28"]

1. e4 Nf6 2. e5 Nd5 3. d4 d6 4. Nf3 Bg4 5. Be2 e6 6. O-O Be7 7. c4 Nb6 8. exd6
cxd6 9. b3 O-O 10. Bb2 Bf6 11. Nc3 d5 12. c5 N6d7 13. Qd2 a6 14. Nd1 Nc6 15.
Ne3 Bh5 16. b4 Bg5 17. Nxg5 Qxg5 18. Bxh5 Qxh5 19. a4 f5 20. b5 Ne7 21. f4 g5
22. Nc2 g4 23. Qe2 Rf6 24. Nb4 Rh6 25. g3 Kf7 26. bxa6 bxa6 27. Rae1 a5 28. Nd3
Nc6 29. Ne5+ Ndxe5 30. fxe5 Rb8 31. Rf2 Rb3 32. Rg2 Rf3 33. Bc1 f4 34. Qd2 Qh3
35. Rf1 Rxf1+ 36. Kxf1 f3 37. Kg1 Qxg2+ 38. Qxg2 fxg2 39. Bxh6 Nxd4 40. Kxg2
Kg6 41. Bd2 Nc6 42. Kf2 Kf5 43. Ke2 Kxe5 44. Kd3 Kf5 45. Be1 e5 46. Bc3 h5 47.
Be1 e4+ 48. Kc3 Ke5 49. Bf2 e3 0-1

[Event "Tradewise Gibraltar Chess Festival 2014 "]
[Site "The Caleta Hotel - Gibraltar"]
[Date "2014.01.31"]
[Round "4.120"]
[White "Bauer, Dieter"]
[Black "Spanton, Tim R"]
[Result "0-1"]
[WhiteElo "1727"]
[BlackElo "1995"]
[PlyCount "104"]
[EventDate "2014.01.28"]

1. g3 e5 2. Bg2 d5 3. c4 c6 4. d3 dxc4 5. dxc4 Qxd1+ 6. Kxd1 Be6 7. b3 Bc5 8.
e3 Na6 9. a3 O-O-O+ 10. Ke1 Ne7 11. Bb2 Rd3 12. Nc3 Rhd8 13. Rd1 Rxd1+ 14. Nxd1
Bd6 15. Nf3 Nc5 16. Nd2 Nd3+ 17. Ke2 Nxb2 18. Nxb2 Bxa3 19. Nd3 Bd6 20. Ne4 f6
21. Nxd6+ Rxd6 22. Ra1 Kb8 23. Nc5 Bf5 24. Ne4 Rd8 25. Ra5 Bg4+ 26. Bf3 Bxf3+
27. Kxf3 b6 28. Ra3 c5 29. Ke2 Nc6 30. Nc3 Nb4 31. e4 Nc2 32. Ra2 Nd4+ 33. Ke3
Nxb3 34. Nd5 Nd4 35. Kd3 Nc6 36. Ke3 Nb4 37. Rd2 Nxd5+ 38. exd5 Kc7 39. f4
exf4+ 40. Kxf4 Re8 41. Ra2 a5 42. Rb2 Rb8 43. Kf5 Kd7 44. g4 a4 45. g5 fxg5 46.
Kxg5 a3 47. Rf2 Re8 48. Ra2 Re3 49. h4 Kd6 50. Kf5 Rc3 51. Rg2 g6+ 52. Rxg6+
hxg6+ 0-1

[Event "Tradewise Gibraltar Chess Festival 2014 "]
[Site "The Caleta Hotel - Gibraltar"]
[Date "2014.01.31"]
[Round "4.121"]
[White "Andersen, Daniel"]
[Black "Nielsen, Peter"]
[Result "1-0"]
[WhiteElo "1941"]
[BlackElo "1759"]
[PlyCount "94"]
[EventDate "2014.01.28"]

1. c4 f5 2. g3 Nf6 3. Bg2 g6 4. d4 Bg7 5. b3 O-O 6. Nf3 d6 7. Bb2 c6 8. O-O Na6
9. Nc3 Nc7 10. Qc2 Qe8 11. e4 fxe4 12. Nxe4 Nxe4 13. Qxe4 Bf5 14. Qe2 Bg4 15.
h3 Bxf3 16. Bxf3 Qf7 17. Bg2 Rae8 18. f4 d5 19. Rfe1 Qf6 20. Qd2 e6 21. Qb4 b5
22. Qd6 Rf7 23. Qxc6 bxc4 24. bxc4 dxc4 25. Qxc4 g5 26. Rf1 Nd5 27. Rae1 gxf4
28. Bxd5 Qg5 29. Bg2 Qxg3 30. Qe2 Rb8 31. Rf3 Qg6 32. Ba1 Rb1 33. Rxb1 Qxb1+
34. Rf1 Qb6 35. Qf2 Qd6 36. Rc1 Qb4 37. Rd1 Qd6 38. Qf3 Rd7 39. Qa8+ Kf7 40.
Qe4 Kg8 41. Re1 Re7 42. Bf3 Bf6 43. Bg4 e5 44. dxe5 Qa3 45. Qd5+ Kf8 46. e6
Qg3+ 47. Kf1 Bg5 1-0

[Event "Tradewise Gibraltar Chess Festival 2014 "]
[Site "The Caleta Hotel - Gibraltar"]
[Date "2014.01.31"]
[Round "4.123"]
[White "Kuenitz, Klaus"]
[Black "Roser, Ludwig"]
[Result "1-0"]
[WhiteElo "1525"]
[BlackElo "1882"]
[PlyCount "121"]
[EventDate "2014.01.28"]

1. d4 d6 2. Nf3 Nf6 3. c4 Nbd7 4. Nc3 c6 5. Bf4 Qc7 6. c5 e5 7. cxd6 Bxd6 8.
dxe5 Nxe5 9. Nxe5 Bxe5 10. Bxe5 Qxe5 11. g3 O-O 12. Bg2 Be6 13. O-O Rfd8 14.
Qa4 Rd4 15. Qa3 a6 16. Rfd1 Rad8 17. e3 R4d7 18. Qb4 Nd5 19. Nxd5 Bxd5 20. Bxd5
cxd5 21. Rd4 f5 22. Rc1 Rc7 23. Rc5 Kf7 24. Qa5 Rcd7 25. Qd2 Qe6 26. h4 b6 27.
Rc3 h6 28. h5 a5 29. a4 Kf8 30. Qc2 Rd6 31. Rc7 R8d7 32. Rxd7 Qxd7 33. Qd3 Kf7
34. f3 Qc8 35. Rxd5 Qc1+ 36. Kg2 Qxb2+ 37. Kh3 Rxd5 38. Qxd5+ Kf6 39. Qd6+ Kf7
40. Qg6+ Ke7 41. Qxf5 Qc3 42. Qe4+ Kd6 43. f4 Qc8+ 44. g4 Qc1 45. g5 Qf1+ 46.
Kg4 Qd1+ 47. Kf5 Qxh5 48. Qe5+ Kc6 49. Qxg7 Qh3+ 50. Kg6 hxg5 51. Qf6+ Kb7 52.
Qe7+ Kc6 53. Kxg5 Qg3+ 54. Kh6 Qh3+ 55. Kg7 Qf3 56. Qe6+ Kc5 57. f5 Qg4+ 58.
Kf8 Qxa4 59. f6 Qb4 60. f7 a4 61. Qe7+ 1-0

[Event "Tradewise Gibraltar Chess Festival 2014 "]
[Site "The Caleta Hotel - Gibraltar"]
[Date "2014.02.01"]
[Round "5.17"]
[White "Agdestein, Simen"]
[Black "Henrichs, Thomas"]
[Result "1-0"]
[WhiteElo "2627"]
[BlackElo "2477"]
[PlyCount "85"]
[EventDate "2014.01.28"]

1. d4 Nf6 2. c4 g6 3. Nc3 d5 4. Bg5 Bg7 5. Bxf6 Bxf6 6. cxd5 c5 7. dxc5 Nd7 8.
Qa4 O-O 9. Qa3 Bd4 10. Ne4 Qc7 11. Nf3 Nxc5 12. Nxd4 Nxe4 13. f3 Nf6 14. e4 Qe5
15. Ne2 e6 16. Qc3 Qxc3+ 17. Nxc3 exd5 18. exd5 Re8+ 19. Kf2 Bd7 20. Rd1 Rac8
21. Rd4 Red8 22. Bd3 Ne8 23. g4 Nd6 24. Ne4 Nxe4+ 25. Bxe4 Rc5 26. Ke3 Kg7 27.
g5 h6 28. h4 f5 29. gxf6+ Kxf6 30. Rd2 Be8 31. Kd4 b6 32. b4 Rc6 33. Rc2 Rcd6
34. Rhc1 Rxd5+ 35. Bxd5 Bf7 36. Rc6+ Kf5 37. Rc7 Bxd5 38. Rxa7 Bxa2+ 39. Ke3
Bd5 40. Rd1 Re8+ 41. Kf2 Bc4 42. Rd6 b5 43. Rc7 1-0

[Event "Tradewise Gibraltar Chess Festival 2014 "]
[Site "The Caleta Hotel - Gibraltar"]
[Date "2014.02.01"]
[Round "5.18"]
[White "Al-Sayed, Mohammed"]
[Black "Ganguly, Surya Shekhar"]
[Result "0-1"]
[WhiteElo "2476"]
[BlackElo "2619"]
[PlyCount "80"]
[EventDate "2014.01.28"]

1. d4 Nf6 2. c4 g6 3. Nc3 d5 4. Nf3 Bg7 5. h4 dxc4 6. e4 c5 7. d5 b5 8. h5 Nxh5
9. Nxb5 O-O 10. Bxc4 Nd7 11. Be2 Ndf6 12. Nc3 Rb8 13. Rh4 Qc7 14. Kf1 Ng4 15.
Kg1 Bf6 16. Ng5 Nxf2 17. d6 Nxd1 18. dxc7 Rxb2 19. Bxd1 Bd4+ 20. Kh1 Rf2 21.
Bxh5 Rf1+ 22. Kh2 Bxc3 23. Bb2 Rxa1 24. Bxc3 Rc1 25. Nxh7 gxh5 26. Nxf8 Rxc3
27. Rxh5 Rd3 28. e5 Rd5 29. Rh3 c4 30. e6 Kxf8 31. Rh8+ Kg7 32. Rxc8 Rc5 33.
exf7 Kxf7 34. Kg3 c3 35. Rd8 Rxc7 36. Rd1 Kf6 37. Kf3 c2 38. Rc1 Kf5 39. a4 a5
40. Ke3 Kg4 0-1

[Event "Tradewise Gibraltar Chess Festival 2014 "]
[Site "The Caleta Hotel - Gibraltar"]
[Date "2014.02.01"]
[Round "5.21"]
[White "Guo, Qi"]
[Black "Van Kampen, Robin"]
[Result "1/2-1/2"]
[WhiteElo "2450"]
[BlackElo "2602"]
[PlyCount "66"]
[EventDate "2014.01.28"]

1. d4 Nf6 2. Nf3 e6 3. c4 Bb4+ 4. Bd2 Qe7 5. g3 Bxd2+ 6. Qxd2 Nc6 7. Nc3 d5 8.
Ne5 dxc4 9. Nxc6 bxc6 10. Bg2 O-O 11. Bxc6 Rb8 12. O-O Rd8 13. Rfd1 e5 14. d5
Bd7 15. Qe3 Rb6 16. Na4 Ra6 17. Bxd7 Nxd7 18. b3 cxb3 19. axb3 Nf6 20. Nc3 Rxa1
21. Rxa1 Nxd5 22. Nxd5 Rxd5 23. Qxa7 g6 24. Qa8+ Qd8 25. Qxd8+ Rxd8 26. Rc1 Rb8
27. Rxc7 Rxb3 28. Re7 Rb5 29. Re8+ Kg7 30. e4 h5 31. h4 Kf6 32. Kg2 Rb4 33. Kf3
Rb3+ 1/2-1/2

[Event "Tradewise Gibraltar Chess Festival 2014 "]
[Site "The Caleta Hotel - Gibraltar"]
[Date "2014.02.01"]
[Round "5.22"]
[White "Dvirnyy, Danyyil"]
[Black "Munguntuul, Batkhuyag"]
[Result "1-0"]
[WhiteElo "2574"]
[BlackElo "2438"]
[PlyCount "85"]
[EventDate "2014.01.28"]

1. c4 e5 2. g3 d6 3. Nc3 Nc6 4. Bg2 f5 5. d3 Nf6 6. Nf3 Be7 7. O-O O-O 8. Rb1
a5 9. a3 Kh8 10. b4 axb4 11. axb4 Be6 12. b5 Na5 13. Bd2 c6 14. bxc6 bxc6 15.
c5 Rb8 16. Na4 Nb3 17. Bc3 Nd7 18. cxd6 Bxd6 19. Nb2 Na5 20. Nd2 Bc7 21. Qc2
Bd5 22. Ra1 Nb3 23. Nxb3 Bxb3 24. Qd2 Bd5 25. Nc4 Nc5 26. Ra7 Nb3 27. Qc2 Bxg2
28. Kxg2 Nd4 29. Bxd4 exd4 30. Nd2 Ba5 31. Nf3 Re8 32. Rb1 Bb6 33. Ra6 Qc7 34.
Qa4 Red8 35. Nd2 Rdc8 36. Nc4 Bc5 37. Rxc6 Qd7 38. Rxc8+ Qxc8 39. Rxb8 Qxb8 40.
Qc6 Ba7 41. Nd6 f4 42. Nc8 h6 43. g4 1-0

[Event "Tradewise Gibraltar Chess Festival 2014 "]
[Site "The Caleta Hotel - Gibraltar"]
[Date "2014.02.01"]
[Round "5.23"]
[White "Mekhitarian, Krikor Sevag"]
[Black "Tseitlin, Mark D"]
[Result "1-0"]
[WhiteElo "2566"]
[BlackElo "2389"]
[PlyCount "81"]
[EventDate "2014.01.28"]

1. d4 Nf6 2. c4 g6 3. Nc3 d5 4. Qb3 dxc4 5. Qxc4 Be6 6. Qb5+ Bd7 7. Qb3 c5 8.
d5 Qb6 9. e4 e6 10. Nf3 exd5 11. e5 d4 12. exf6 dxc3 13. Qxc3 Be6 14. Bc4 Bxc4
15. Qxc4 Qe6+ 16. Qxe6+ fxe6 17. O-O Nc6 18. Re1 h6 19. Bf4 g5 20. Be5 Rh7 21.
Rad1 Kf7 22. Bc3 Re8 23. Re4 Kg6 24. Rde1 Rd7 25. h4 Rd5 26. hxg5 hxg5 27. Rxe6
Rxe6 28. Rxe6 Rd1+ 29. Kh2 Bd6+ 30. g3 g4 31. Nh4+ Kf7 32. Re4 b5 33. Nf5 b4
34. Be1 Be5 35. Nh6+ Kxf6 36. Nxg4+ Kf5 37. Rxe5+ Kxg4 38. Rxc5 Nd4 39. Rc4 a5
40. Bc3 bxc3 41. bxc3 1-0

[Event "Tradewise Gibraltar Chess Festival 2014 "]
[Site "The Caleta Hotel - Gibraltar"]
[Date "2014.02.01"]
[Round "5.24"]
[White "Akesson, Ralf"]
[Black "Salem, A.R. Saleh"]
[Result "1/2-1/2"]
[WhiteElo "2447"]
[BlackElo "2564"]
[PlyCount "91"]
[EventDate "2014.01.28"]

1. Nf3 Nf6 2. c4 g6 3. Nc3 Bg7 4. e4 d6 5. d4 O-O 6. Be2 c6 7. O-O e5 8. Re1
Na6 9. Bf1 exd4 10. Nxd4 Re8 11. Nb3 Be6 12. Bf4 Bf8 13. Qd2 Ng4 14. h3 Ne5 15.
c5 Bxb3 16. Bxa6 bxa6 17. axb3 dxc5 18. Rxa6 Qxd2 19. Bxd2 Rab8 20. Na4 Rxb3
21. Bc3 Rb7 22. Rd1 Nd7 23. f3 Re6 24. Ra5 Be7 25. Kf1 Kf8 26. g4 Ke8 27. Rd2
g5 28. Rd1 Rd6 29. Rxd6 Bxd6 30. Ra6 Nb8 31. Ra5 Nd7 32. Ra6 Nb6 33. Ra5 Nc4
34. Ra6 Kd7 35. Ke2 Nb6 36. Ra5 Nxa4 37. Rxa4 Bf4 38. Kd3 Kd6 39. Ra5 h6 40.
Kc4 Be3 41. b3 Bd4 42. Be1 Ke5 43. Bg3+ Ke6 44. Be1 Ke5 45. Bg3+ Ke6 46. Be1
1/2-1/2

[Event "Tradewise Gibraltar Chess Festival 2014 "]
[Site "The Caleta Hotel - Gibraltar"]
[Date "2014.02.01"]
[Round "5.25"]
[White "Lenderman, Aleksandr"]
[Black "Abdumalik, Zhansaya"]
[Result "1-0"]
[WhiteElo "2562"]
[BlackElo "2344"]
[PlyCount "113"]
[EventDate "2014.01.28"]

1. Nf3 Nf6 2. g3 b5 3. Bg2 Bb7 4. Na3 a6 5. c4 b4 6. Nc2 e6 7. d4 c5 8. d5 exd5
9. Nh4 g6 10. Ne3 Bg7 11. Nxd5 Nxd5 12. Bxd5 Nc6 13. Ng2 O-O 14. Nf4 Qc7 15.
O-O Rfe8 16. Rb1 Rad8 17. b3 Ne7 18. Bxb7 Qxb7 19. Qd6 Qc6 20. Rd1 Bd4 21. Qxc6
dxc6 22. Nd3 Rd7 23. Kf1 Red8 24. g4 a5 25. Bf4 Nc8 26. g5 Nd6 27. Bxd6 Rxd6
28. Ne1 f6 29. h4 Kg7 30. Rd3 h6 31. Nf3 hxg5 32. hxg5 Bc3 33. gxf6+ Kxf6 34.
Ne1 Be5 35. Rxd6+ Bxd6 36. Rd1 Ke6 37. Nf3 Be7 38. Rxd8 Bxd8 39. Ne1 Be7 40.
Nd3 Kd6 41. Kg2 Ke6 42. e4 Bd6 43. Kh3 g5 44. Kg4 Be7 45. f3 Kf6 46. Kh5 Bf8
47. Nf2 Be7 48. Ng4+ Ke6 49. Kg6 Bd8 50. Nh6 Bf6 51. Nf7 Be7 52. e5 Bf8 53.
Nxg5+ Kxe5 54. f4+ Kd6 55. f5 Kd7 56. f6 Bd6 57. f7 1-0

[Event "Tradewise Gibraltar Chess Festival 2014 "]
[Site "The Caleta Hotel - Gibraltar"]
[Date "2014.02.01"]
[Round "5.27"]
[White "Maze, Sebastien"]
[Black "Vojinovic, Jovana"]
[Result "1-0"]
[WhiteElo "2536"]
[BlackElo "2335"]
[PlyCount "87"]
[EventDate "2014.01.28"]

1. e4 e6 2. d4 d5 3. Nc3 Nf6 4. Bg5 dxe4 5. Nxe4 Nbd7 6. Nf3 h6 7. Nxf6+ Nxf6
8. Be3 Bd6 9. Bd3 Nd5 10. Bd2 Nf4 11. Bxf4 Bxf4 12. Qe2 Bd7 13. g3 Bd6 14.
O-O-O Qe7 15. Be4 O-O-O 16. Rhe1 Kb8 17. c3 Qe8 18. Bc2 Ba4 19. b3 Bc6 20. Ne5
Bxe5 21. Qxe5 Qf8 22. Kb2 Rg8 23. f4 Rd5 24. Qe3 Qc8 25. c4 Rd6 26. Qe5 Bf3 27.
Rd2 Bg4 28. Qe3 Rd7 29. Be4 Rgd8 30. Bg2 Ka8 31. h3 Bf5 32. g4 Bg6 33. a4 c5
34. Red1 Kb8 35. dxc5 Rxd2+ 36. Rxd2 Rxd2+ 37. Qxd2 Qxc5 38. Qd8+ Qc8 39. Qd6+
Ka8 40. a5 Qb8 41. Qd7 a6 42. c5 Qa7 43. b4 h5 44. Qc8+ 1-0

[Event "Tradewise Gibraltar Chess Festival 2014 "]
[Site "The Caleta Hotel - Gibraltar"]
[Date "2014.02.01"]
[Round "5.28"]
[White "Tari, Aryan"]
[Black "Libiszewski, Fabien"]
[Result "1/2-1/2"]
[WhiteElo "2408"]
[BlackElo "2533"]
[PlyCount "44"]
[EventDate "2014.01.28"]

1. d4 Nf6 2. c4 g6 3. Nc3 Bg7 4. e4 d6 5. Be2 O-O 6. Nf3 c5 7. O-O Re8 8. h3
cxd4 9. Nxd4 Nbd7 10. Be3 b6 11. Qc2 Bb7 12. Rad1 Rc8 13. f4 Qc7 14. g4 Nc5 15.
Bf3 Qb8 16. g5 Nfd7 17. Nde2 a6 18. Bg4 Ne6 19. Qa4 Ndc5 20. Qc2 Nd7 21. Qa4
Ndc5 22. Qc2 Nd7 1/2-1/2

[Event "Tradewise Gibraltar Chess Festival 2014 "]
[Site "The Caleta Hotel - Gibraltar"]
[Date "2014.02.01"]
[Round "5.29"]
[White "Nakar, Eylon"]
[Black "Cmilyte, Viktorija"]
[Result "1-0"]
[WhiteElo "2398"]
[BlackElo "2515"]
[PlyCount "47"]
[EventDate "2014.01.28"]

1. e4 e5 2. Nf3 Nc6 3. Bb5 f5 4. d3 fxe4 5. dxe4 Nf6 6. O-O Bc5 7. Bxc6 bxc6 8.
Nxe5 O-O 9. Nc3 d6 10. Nd3 Bd4 11. Qe1 Qe8 12. Be3 Bxc3 13. Qxc3 Qxe4 14. Rae1
Qa4 15. b3 Qa6 16. Bd4 Nd5 17. Qb2 Nf6 18. Re7 Bf5 19. Nf4 Rae8 20. Bxf6 gxf6
21. Rxe8 Rxe8 22. Qxf6 Qb5 23. Nh5 Qe5 24. f4 1-0